NCIS Name Match Quiz Stats

 Plays Quiz not verified by Sporcle

Score 0/26 Timer 05:00
0 Plays Today
% Correct
DiNozzo
96.8%
Leroy
96.2%
McGee
95.8%
Sciuto
95.5%
David
95%
Palmer
94.6%
Donald
94.1%
Leon
93.6%
Tobias
91.7%
Mike
91.4%
Todd
89.1%
Bishop
88.3%
Haswari
84.7%
% Correct
Bert
82.4%
Major
82.1%
Trent
82.1%
Shepard
80.7%
Hernandez
80.1%
Benoit
77.7%
Paula
74.1%
Gemcity
72.9%
Lee
71.5%
Jane
71.1%
Reynosa
70.6%
Allison
59.3%
Nikki
56.8%

You're not logged in!

Compare scores with friends on all Sporcle quizzes.
OR
Log In

Show Comments

Extras

Top Quizzes Today


Score Distribution

Your Account Isn't Verified!

In order to create a playlist on Sporcle, you need to verify the email address you used during registration. Go to your Sporcle Settings to finish the process.

Report this User

Report this user for behavior that violates our Community Guidelines.

Details: